00417 2200169 4500001002100000005001500021008004100036020002200077035001900099041000700118082001000125090001600135100001800151245003200169260001600201650003000217INLIS00000000000917720241224113757241224||||||||| | ||| |||| || |  a978-602-8185-54-7 0010-1224009177 aid0 a745.5 a745.5 EDI k0 aEdi Irhas F.L00aKerajinan Tangan Dari Bambu aBogorc2010 0akerajinan tangan -- bambu